Advances in Agronomy, Vol - 12 / (Record no. 10633)
[ view plain ]
| 000 -LEADER | |
|---|---|
| fixed length control field | 00290cam a2200121ua 4500 |
| 082 ## - DEWEY DECIMAL CLASSIFICATION NUMBER | |
| Classification number | 630.21 |
| Item number | NOR/AD |
| 100 ## - MAIN ENTRY--AUTHOR NAME | |
| Personal name | Norman, A. G. |
| 245 00 - TITLE STATEMENT | |
| Title | Advances in Agronomy, Vol - 12 / |
| 250 ## - EDITION STATEMENT | |
| Edition statement | 1 / |
| 260 ## - PUBLICATION, DISTRIBUTION, ETC. (IMPRINT) | |
| Place of publication | New York : |
| Name of publisher | Academic Press , |
| Year of publication | 1960. |
| 300 ## - PHYSICAL DESCRIPTION | |
| Number of Pages | 464 ; . |
| 942 ## - ADDED ENTRY ELEMENTS (KOHA) | |
| Koha item type | Books |
| Withdrawn status | Lost status | Damaged status | Home library | Current library | Date acquired | Full call number | Accession Number | Koha item type |
|---|---|---|---|---|---|---|---|---|
| KAUAET | KAUAET | 07/04/2012 | 630.21 | 10219 | Books |
